Loading...
| Philosophy | 1 | 1 | 0 | 0 | 25 | 66 | 98.50 | 0 | 1 | 0.00 | 0.00 |
| Social Science | 1 | 1 | 0 | 0 | 25 | 54 | 59.00 | 1 | 2 | 0.00 | 0.00 |
| Fine Arts - Visual | 1 | 0 | 0 | 0 | 15 | 41 | 41.00 | 1 | 1 | 0.00 | 0.00 |
| History - World | 1 | 0 | 0 | 0 | 15 | 52 | 52.00 | 1 | 1 | 0.00 | 0.00 |
| Beliefs | 1 | 1 | 2 | 0 | 15 | 72 | 95.00 | 1 | 1 | 0.00 | 0.00 |
| Science - Biology | 0 | 1 | 0 | 0 | 10 | 94 | 94.00 | 1 | 1 | 0.00 | 0.00 |
| Science - Chemistry | 0 | 1 | 0 | 0 | 10 | 80 | 80.00 | 1 | 1 | 0.00 | 0.00 |
| Geography | 0 | 1 | 0 | 0 | 10 | 74 | 74.00 | 1 | 1 | 0.00 | 0.00 |
| History - American | 0 | 1 | 0 | 1 | 10 | 137 | 137.00 | 0 | 0 | 0.00 | 0.00 |
| Literature - American | 0 | 2 | 2 | 0 | 10 | 74 | 76.00 | 0 | 1 | 0.00 | 0.00 |
| History - European | 0 | 1 | 1 | 0 | 5 | 121 | 121.00 | 0 | 1 | 0.00 | 0.00 |
| Other Science: Earth Science | 0 | 0 | 0 | 0 | 0 | 0.00 | 0 | 0 | 0.00 | 0.00 | |
| Literature - European | 0 | 0 | 0 | 0 | 0 | 0.00 | 0 | 0 | 0.00 | 0.00 | |
| World and Other Literature | 0 | 0 | 1 | 0 | -5 | 0.00 | 0 | 0 | 0.00 | 0.00 | |
| Fine Arts - Auditory | 0 | 0 | 1 | 0 | -5 | 0.00 | 0 | 0 | 0.00 | 0.00 | |
| Other Science: Math | 0 | 0 | 1 | 0 | -5 | 0.00 | 0 | 0 | 0.00 | 0.00 | |
| Ancient History and Archaeology | 0 | 0 | 1 | 0 | -5 | 0.00 | 0 | 0 | 0.00 | 0.00 |